Jedovnice a okolí : modelová oblast pro terénní vyučování /

Další autoři: Hofmann, Eduard, 1957-
Jazyk: Čeština
Vydáno: Brno : CERM, 1999
Témata:
Externí odkaz: Digitalizovaný dokument
Fyzický popis: 129 s. : obr. ; 25 cm
Knihy
Uloženo v:
LEADER 01519nam a2200397 a 4500
001 000428493
003 CZ BrMZK
005 20201123135146.0
007 ta
008 990315s1999 xr f f 0 cze d
015 |a cnb000738521 
020 |a 80-7204-109-6 
035 |a (OCoLC)42976212 
040 |a BOA001  |b cze 
043 |a e-xr---  |b e-xr-jm  |2 czenas 
072 7 |a 91  |x Geografie jako věda. Výzkum. Cestování  |2 Konspekt  |9 7 
072 7 |a 37.016  |x Učební osnovy. Vyučovací předměty. Učebnice  |2 Konspekt  |9 22 
080 |a 91  |2 MRF 
080 |a 37.016.026  |2 MRF 
080 |a 908(437.322)  |2 MRF 
080 |a (072)  |2 MRF 
245 0 0 |a Jedovnice a okolí :  |b modelová oblast pro terénní vyučování /  |c Eduard Hofmann a kol. 
260 |a Brno :  |b CERM,  |c 1999 
300 |a 129 s. :  |b obr. ;  |c 25 cm 
504 |a Obsahuje bibliografii 
500 |a Dostupné též v digitální podobě v aplikaci Kramerius 
650 0 7 |a zeměpis  |7 ph116771  |2 czenas 
650 0 7 |a předmětová didaktika  |7 ph162893  |2 czenas 
651 7 |a Jedovnice (Česko : oblast)  |7 ge129440  |x vlastivěda  |2 czenas 
655 7 |a metodické příručky  |7 fd132826  |2 czenas 
700 1 |a Hofmann, Eduard,  |d 1957-  |7 mzk2004148440  |4 aut 
856 4 1 |u http://www.digitalniknihovna.cz/mzk/uuid/uuid:911f0f10-586f-11ee-8a3f-005056827e52  |y Digitalizovaný dokument  |x NDK 
910 |a BOA001  |b 3-1061.291 
990 |a BK 
991 |b 200707 
996 6 |b 2610066411  |c 3-1061.291  |l MZK  |r Sklad / do 1 hodiny  |n 38  |p p.v.  |w 000428493  |u 000010  |a 1  |e BOA001  |j MZK50  |s P